| 000 | 02311nam0a2200385 4500 | ||
|---|---|---|---|
| 001 | RU\NLR\BIBL_A\022591617 | ||
| 005 | 20260420051330.0 | ||
| 010 |
_a978-5-0054-3335-0 _9200 |
||
| 021 |
_aRU _bКН-П-25-031518 _9КН-П-25-3119 |
||
| 035 | _a(NLR Aleph) 022591617 | ||
| 090 |
_a13679524 _c13679524 |
||
| 100 | _a20250725d2025 u y0rusy50 ca | ||
| 101 | 0 | _arus | |
| 102 | _aRU | ||
| 105 | _aac j 000yy | ||
| 181 | 0 |
_ai _baxxe |
|
| 182 | 0 | _an | |
| 200 | 1 |
_aКоррекция и окрашивание бровей, окрашивание ресниц _eучебник _eдля студентов, обучающихся по специальностям среднего профессионального образования по специальностям "Стилистика и искусство визажа", "Технологии индустрии красоты" _fО. В. Невская |
|
| 203 |
_aТекст _bвизуальный _cнепосредственный |
||
| 210 |
_aМосква _cАкадемия _d2025 |
||
| 215 |
_a267, [1] с., [16] л. ил., цв. ил., портр. _cил., цв. ил., табл., портр. _d22 |
||
| 225 | 1 |
_aПрофессиональное образование _iПрофессиональный модуль |
|
| 320 | _aБиблиогр.: с. 264–266 | ||
| 333 | _a12+ | ||
| 606 | 1 |
_aБрови _jУчебники для среднего профессионального образования _xОкраска _92381818 _3RU\NLR\AUTH\6601641931 |
|
| 606 | 1 |
_aБрови _jУчебники для среднего профессионального образования _xУход _92337463 _3RU\NLR\AUTH\6601621150 |
|
| 606 | 1 |
_aРесницы _jУчебники для среднего профессионального образования _xУход _92381967 _3RU\NLR\AUTH\6601642003 |
|
| 606 | 1 |
_aРесницы _jУчебники для среднего профессионального образования _xОкраска _92381820 _3RU\NLR\AUTH\6601641932 |
|
| 686 | 1 | _aР120.416я72-1 | |
| 686 | 1 | _aН937.3я723-1 | |
| 700 | 1 |
_aНевская _bО. В. _gОльга Владимировна |
|
| 942 | _cBOOK | ||
| 980 | _aNB | ||